| 000 | 02608nam a2200637 i 4500 | ||
|---|---|---|---|
| 001 | 31343 | ||
| 003 | KOSZ 005 | ||
| 005 | 20220216102146.0 | ||
| 008 | 220216s1996 pl a f 001 0 pol | ||
| 015 | _aUWD 2001/16031 | ||
| 020 | _a8385428127 | ||
| 035 | _a991016426949705066 | ||
| 035 | _a(PL-WaBN)b14418010-48omnis_nlop | ||
| 035 | _ab14418010 | ||
| 035 | _a(OCoLC)749390041 | ||
| 035 | _azz2002944279 | ||
| 035 | _a(PL)b0000001441801 | ||
| 035 | _a(EXLNZ-48OMNIS_NETWORK)9910496133605606 | ||
| 040 |
_aWA N _cWA N _dKOSZ 005/RW |
||
| 046 | _k1993 | ||
| 080 | _a658.5 | ||
| 080 | _a(075.8) | ||
| 100 | 1 |
_aDurlik, Ireneusz _d(1931- ) _eAutor |
|
| 245 | 1 | 0 |
_aInżynieria zarządzania : _bstrategia i projektowanie systemów produkcyjnych. _nCz. 1, _p[Strategie organizacji i zarządzania produkcją] / _cIreneusz Durlik ; [recenzenci: prof. dr hab. inż. Roman Kolman, prof. dr inż. Mieczysław Dworczyk]. |
| 246 | 1 | 3 | _aEngineering management |
| 250 | _aWydanie 3. | ||
| 260 |
_aWarszawa : _b"Placet", _c1996. |
||
| 300 |
_a287, [8] stron : _bilustracje ; _c24 cm. |
||
| 336 |
_aTekst _btxt _2rdacontent |
||
| 337 |
_aBez urządzenia pośredniczącego _bn _2rdamedia |
||
| 338 |
_aWolumin _bnc _2rdacarrier |
||
| 380 | _aKsiążki | ||
| 380 | _aPublikacje dydaktyczne | ||
| 385 |
_mPoziom nauczania _aSzkoły wyższe |
||
| 388 | 1 | _a1901-2000 | |
| 388 | 1 | _a1989-2000 | |
| 490 | 1 | _aBiblioteka Biznesmena | |
| 500 | _aTytuł równoległy: Engineering management : strategies and designing production systems. | ||
| 504 | _aBibliografia na stronach [288-289]. Indeks. | ||
| 521 | 8 | _aKsiążka jest przeznaczona dla kierowniczego personelu średnich i dużych przedsiębiorstw przemysłowych, a także ośrodków badawczo- rozwojowych. Jako podręcznik będzie ona przydatna studentom uczelni technicznych i ekonomiczno- menedżerskich, szczególnie tych, którzy chcą specjalizować | |
| 650 | 7 |
_aProdukcja _2DBN |
|
| 650 | 7 | _aOrganizacja | |
| 650 | 7 | _aZarządzanie | |
| 650 | 7 | _aPrzemysł | |
| 650 | 7 | _aPrzedsiębiorstwo | |
| 655 | 7 |
_aPodręczniki akademickie _2DBN |
|
| 658 | _aGospodarka, ekonomia, finanse | ||
| 658 | _aZarządzanie i marketing | ||
| 700 | 1 |
_aDworczyk, Mieczysław _d(1923-2010) _eRecenzja |
|
| 700 | 1 |
_aKolman, Roman _eRecenzja |
|
| 710 | 2 |
_aWydawnictwo Placet _4pbl |
|
| 830 | 0 | _aBiblioteka Biznesmena | |
| 856 |
_uhttp://koha.tu.koszalin.pl/cgi-bin/koha/opac-detail.pl?biblionumber=31343 _yKatalog online BPK |
||
| 942 |
_2UKD _cKS |
||
| 999 |
_c31343 _d31343 |
||